Reforma y crisis en China / (Record no. 28244)

MARC details
000 -LEADER
campo de control de longitud fija 00883nam a2200337Ia 4500
001 - NÚMERO DE CONTROL
campo de control 038099
008 - DATOS DE LONGITUD FIJA--INFORMACIÓN GENERAL
campo de control de longitud fija 221003s1991 xx 000 0 spa d
020 ## - NÚMERO INTERNACIONAL ESTÁNDAR DEL LIBRO
Número Internacional Estándar del Libro 84-87611-20-6
035 ## - NÚMERO DE CONTROL DEL SISTEMA
Número de control de sistema CENDO_28245
041 ## - CÓDIGO DE IDIOMA
Código de lengua del texto/banda sonora o título independiente spa
084 ## - OTRO NÚMERO DE CLASIFICACIÓN
Número de clasificación CD-12550
100 ## - ENTRADA PRINCIPAL--NOMBRE DE PERSONA
Nombre de persona FANJUL, Enrique
9 (RLIN) 24313
245 #0 - MENCIÓN DEL TÍTULO
Título Reforma y crisis en China /
Mención de responsabilidad, etc. Enrique Fanjul
260 ## - PUBLICACIÓN, DISTRIBUCIÓN, ETC.
Lugar de publicación, distribución, etc. Móstoles, Madrid :
Nombre del editor, distribuidor, etc. Arias Montano Editores,
Fecha de publicación, distribución, etc. 1991
300 ## - DESCRIPCIÓN FÍSICA
Extensión 203 p. ;
Dimensiones 24 cm
490 ## - MENCIÓN DE SERIE
Mención de serie Temas para debate ;
Designación de volumen o secuencia 9
650 ## - PUNTO DE ACCESO ADICIONAL DE MATERIA--TÉRMINO DE MATERIA
Término de materia o nombre geográfico como elemento de entrada HISTORIA
9 (RLIN) 26
650 ## - PUNTO DE ACCESO ADICIONAL DE MATERIA--TÉRMINO DE MATERIA
Término de materia o nombre geográfico como elemento de entrada CHINA
9 (RLIN) 577
650 ## - PUNTO DE ACCESO ADICIONAL DE MATERIA--TÉRMINO DE MATERIA
Término de materia o nombre geográfico como elemento de entrada REGIMEN POLITICO
9 (RLIN) 579
650 ## - PUNTO DE ACCESO ADICIONAL DE MATERIA--TÉRMINO DE MATERIA
Término de materia o nombre geográfico como elemento de entrada COMUNISMO
9 (RLIN) 884
650 ## - PUNTO DE ACCESO ADICIONAL DE MATERIA--TÉRMINO DE MATERIA
Término de materia o nombre geográfico como elemento de entrada PARTIDO POLITICO
9 (RLIN) 803
650 ## - PUNTO DE ACCESO ADICIONAL DE MATERIA--TÉRMINO DE MATERIA
Término de materia o nombre geográfico como elemento de entrada REFORMA ECONOMICA
9 (RLIN) 1743
650 ## - PUNTO DE ACCESO ADICIONAL DE MATERIA--TÉRMINO DE MATERIA
Término de materia o nombre geográfico como elemento de entrada REVOLUCION
9 (RLIN) 578
901 ## - ELEMENTOS DE DATOS A LOCAL LDA (RLIN)
a 1
903 ## - ELEMENTOS DE DATOS C LOCAL, LDC (RLIN)
a NO
904 ## - ELEMENTOS DE DATOS D LOCAL, LDD (RLIN)
a 000
953 ## -
-- 2013-11-18
-- MONOGRAFIA
-- CD-12550
-- BA01
910 ## - DATOS DE OPCIÓN DEL USUARIO (OCLC)
Datos de opción del usuario 1991
942 ## - ELEMENTOS DE ENTRADA SECUNDARIOS (KOHA)
Tipo de ítem Koha Monografía
Holdings
Estatus retirado Estado de pérdida Estado de daño No para préstamo Biblioteca de origen Biblioteca actual Fecha de adquisición Total de préstamos Signatura topográfica completa Código de barras Visto por última vez Copia número Precio de reemplazo Tipo de ítem Koha
        CENDO CENDO 18/11/2013   CD-12550 CENDO_28245 05/10/2022 BA01 05/10/2022 Monografía